1139 1319 1956 1946 1280 1917 1736 1603 1908 1796 1883 1576 1099 1156 1107 1534 1275 1092 1146 1407 1072 1966 1592 1965 1721 1374 1345 1620 1840 1727 1079 1194 1114 1586 1324 1687 1316 1203 1221 1408 1929 1545 1732 1719 1942 1519 1706 1376 2000 1080 1955 1719 1420 1179 1090 1583 1370 1293 1293 1673 1458 1256 1906 1984 1595 1227 1832 1822 1869 1892 1589 1979 1602 1060 1284 1129 1926 1906 1018 1735 1953 1163 1910 1035 1986 1738 1402 1533 1988 1899 1326 1013 1414 1082 1807 1045 1780 1544 1193 BCNSPRNW ULIB Ver.6.0+V

เปลี่ยนเป็นภาษาไทย

Change to English
 แสดงรายละเอียดบรรณานุกรม
  กลับหน้าหลัก

Brief Record : Get Marc (ISO 2709) : E-mail record : QR code < ปิดหน้าต่าง
LEADER : 00000nam 2200000uu 4500
001    13399112399
003     ULIB
008    110810s2547||||th 000 0 tha d
020    9749609549
020    9789749609545
040    brv
050  4 HF5734.5^bส276ก 2547
100 0  สมิต สัชฌุกร
245 10 การประชุมที่เกิดประสิทธิผล =^bEffective meeting /^cสมิตสัชฌุกร
246 31 Effective meeting
250    พิมพ์ครั้งที่ 1
260    กรุงเทพฯ :^bสายธาร,^c2547
300    222 หน้า :^bภาพประกอบ ;^c21 ซม.
650  4 การประชุม
945    ^p195^l0^i017013
995    ทศพร
999 ^a ทศพร
รายการนี้ยังไม่มีแท็ก
คุณยังไม่ได้ล็อกอิน คุณสามารถมีกิจกรรมร่วมกับเว็บไซต์ได้ แต่ต้องล็อกอินก่อน ::
  ล็อกอิน

รายการสื่อสารสนเทศ

ลำดับที่ ประเภท เลขเรียก/บาร์โค้ด สถานที่ สถานะ
- ไม่พบข้อมูล -

รายการใกล้เคียง
    ผู้แต่ง [สมิต สัชฌุกร]

    หัวเรื่อง [การประชุม]

BibComment


ยังไม่เคยถูกคอมเมนท์

คอมเมนท์ทรัพยากรรายการนี้
  คอมเมนท์: การประชุมที่เกิดป..


 Copyright 2026. Bcnsprnw @Library